| 000 | 00885 a2200181 4500 | ||
|---|---|---|---|
| 003 | Nust | ||
| 005 | 20221206124239.0 | ||
| 040 | _cNust | ||
| 082 | _a621.3815483,RID | ||
| 100 |
_aRider, John F. _9102679 |
||
| 245 |
_aObtaining and interpreting Test scope traces / _cJohn F. Rider |
||
| 250 | _a1st ed. | ||
| 260 |
_aNew York _bJohn F. Rider Pub. _c1954 |
||
| 300 | _a186 p. | ||
| 505 | _aSine and Complex Waveforms (Page-1), The Square Waveform (Page-15), Sawtooth and Trapezoidal Waveforms (Page-28), Differentiated and Integrated Waveforms (Page-40), Amplitude Modulated Wave Envelopes (Page-49), Response and S Curves (Page-59), Manipulation of Scope Controls for Display (Page-82), Interpretation of Scope Tracers (Page-104), Lissajous Figures (Page-155), Test Setups for Observation with the Scope (Page-169). | ||
| 650 | _aTelecommunication Engineering. | ||
| 942 |
_2ddc _cBK |
||
| 999 |
_c182482 _d182482 |
||